| 000 | 00923cam a22002411 4500 | ||
|---|---|---|---|
| 001 | gs 14000457 | ||
| 003 | DLC | ||
| 005 | 20260227111315.0 | ||
| 008 | 761008s1913 oncabf b 000 0 eng c | ||
| 010 | _ags 14000457 | ||
| 035 | _a(OCoLC)2490704 | ||
| 040 |
_aU.S. Geol. survey. Library _cOGraD _dMCM _dOCoLC _dDLC |
||
| 042 | _apremarc | ||
| 050 | 0 | 0 |
_aQE185 _b.A2 no. 36 |
| 100 | 1 |
_aClapp, C. H. _q(Charles Horace), _d1883-1935. |
|
| 245 | 0 | 0 |
_aGeology of the Victoria and Saanich map-areas, Vancouver Island, B.C., _cby Chas. H. Clapp. |
| 260 |
_aOttawa, _bGovernment Printing Bureau, _c1913. |
||
| 300 |
_aviii, 143, iv p. _billus., XVIII pl., 4 fold. maps (in pocket) diagrs. _c25 cm. |
||
| 490 | 1 | _aCanada. Geological Survey. Memoir 36; no. 33, Geological series | |
| 500 | _aBibliography: p. 3-4. | ||
| 650 | 0 |
_aGeology _zBritish Columbia _zVancouver Island. |
|
| 830 | 0 |
_aMemoir (Geological Survey of Canada) ; _v36. |
|
| 999 |
_c25358 _d25358 |
||